[Event "Nizhnij Novgorod Region-ch"]
[Site "Nizhnij Novgorod"]
[Date "2012.10.12"]
[Round "?"]
[White "Konyshev, Artem N"]
[Black "Churakhina, Lidiya"]
[Result "1-0"]
[WhiteElo "1761"]
[BlackElo "1457"]
[PlyCount "57"]
[EventDate "2012.10.06"]
[EventType "swiss"]
[EventRounds "9"]
[EventCountry "RUS"]
[SourceTitle "EXT 2022"]
[Source "ChessBase"]
[SourceDate "2021.10.06"]
[SourceVersion "1"]
[SourceVersionDate "2021.10.06"]
[SourceQuality "1"]

1. e4 b6 2. d4 e6 3. c4 Bb7 4. Bd3 Be7 5. Nf3 h6 6. 0-0 d6 7. Nc3 a6 8. Be3 Nf6 9. Nd2 Nbd7 10. f4 Nh7 11. Nf3 c5 12. d5 e5 13. fxe5 dxe5 14. Qe1 Qc7 15. Qg3 Bf6 16. Nh4 0-0-0 17. Nf5 Rhg8 18. a3 Kb8 19. d6 Qc8 20. Nd5 Bxd5 21. cxd5 Ka7 22. Ne7 Bxe7 23. dxe7 Rde8 24. Rxf7 Nhf6 25. Qg6 c4 26. Rc1 Qb7 27. Rxc4 Nc5 28. Bxc5 bxc5 29. Rxg7 1-0

[Event "Nizhnij Novgorod Region-ch"]
[Site "Nizhnij Novgorod"]
[Date "2012.10.09"]
[Round "?"]
[White "Tarasov, Valery"]
[Black "Konyshev, Artem N"]
[Result "1-0"]
[WhiteElo "1953"]
[BlackElo "1761"]
[PlyCount "49"]
[EventDate "2012.10.06"]
[EventType "swiss"]
[EventRounds "9"]
[EventCountry "RUS"]
[SourceTitle "EXT 2022"]
[Source "ChessBase"]
[SourceDate "2021.10.06"]
[SourceVersion "1"]
[SourceVersionDate "2021.10.06"]
[SourceQuality "1"]

1. e4 e5 2. Nc3 Nf6 3. f4 d5 4. fxe5 Nxe4 5. d3 Qh4+ 6. g3 Nxg3 7. Nf3 Qh5 8. Nxd5 Bg4 9. Bg2 Bxf3 10. Qxf3 Qxe5+ 11. Kd1 Nxh1 12. Bf4 Qd4 13. Nxc7+ Kd8 14. c3 Qg1+ 15. Kc2 Qf2+ 16. Qxf2 Nxf2 17. Bxb7 Nd7 18. Bxa8 Nh3 19. Bg3 Nb6 20. Bg2 Ng5 21. Nb5 a6 22. Nc7 a5 23. Nb5 Ne6 24. Rf1 Ke8 25. Bc6+ 1-0

[Event "Nizhnij Novgorod Dubinin Memorial 19th"]
[Site "Nizhnij Novgorod"]
[Date "2012.01.??"]
[Round "1"]
[White "Konyshev, Artem N"]
[Black "Mandrikov, Sergey"]
[Result "0-1"]
[WhiteElo "1630"]
[BlackElo "2109"]
[PlyCount "40"]
[EventDate "2012.01.??"]
[EventType "swiss"]
[EventRounds "9"]
[EventCountry "RUS"]
[SourceTitle "EXT 2015"]
[Source "ChessBase"]
[SourceDate "2014.11.20"]
[SourceVersion "1"]
[SourceVersionDate "2014.11.20"]
[SourceQuality "1"]

1. e4 c5 2. Nf3 e6 3. d4 cxd4 4. Nxd4 Nf6 5. Bd3 Nc6 6. Nb3 a5 7. a4 Nb4 8. 0-0 Nxd3 9. cxd3 Be7 10. Nc3 0-0 11. Be3 b6 12. e5 Ne8 13. Qf3 Rb8 14. d4 f6 15. Qg3 Ba6 16. Rfd1 d5 17. exf6 Nxf6 18. Qh3 Bc8 19. Bg5 h6 20. Bd2 e5 0-1

[Event "Nizhnij Novgorod Dubinin Memorial 19th"]
[Site "Nizhnij Novgorod"]
[Date "2012.01.??"]
[Round "8"]
[White "Yumatov, Robert"]
[Black "Konyshev, Artem N"]
[Result "1/2-1/2"]
[WhiteElo "1840"]
[BlackElo "1630"]
[PlyCount "38"]
[EventDate "2012.01.??"]
[EventType "swiss"]
[EventRounds "9"]
[EventCountry "RUS"]
[SourceTitle "EXT 2015"]
[Source "ChessBase"]
[SourceDate "2014.11.20"]
[SourceVersion "1"]
[SourceVersionDate "2014.11.20"]
[SourceQuality "1"]

1. e4 e5 2. Nf3 Nc6 3. Bb5 a6 4. Ba4 Nf6 5. d3 b5 6. Bb3 Be7 7. 0-0 0-0 8. Nc3 d6 9. Nd5 Bg4 10. h3 Bxf3 11. Qxf3 Nd4 12. Qd1 Nxb3 13. Nxe7+ Qxe7 14. axb3 c6 15. c4 d5 16. exd5 cxd5 17. Re1 Rad8 18. cxb5 axb5 19. Bg5 Rc8 1/2-1/2